Phūmpanyā kap kānsāng phalang chumchon.

Bibliographic Details
Corporate Authors: Sūn Manutsayawitthayā Sirinthō̜n (Thailand), Kānprachum Pračham Pī thāng Mānutsayawitthayā
Format: Conference Proceeding Book
Language:Thai
Published: Krung Thēp : Sūn Mānutsayawitthaya Sirinthō̜n, 2548 [2005]
Edition:Phim khrang thī 1.
Series:ʻĒkkasān wichākān (Sūn Manutsayawitthayā Sirinthō̜n (Thailand)) ; lamdap thī 44.
Subjects:

MARC

Tag First Indicator Second Indicator Subfields
LEADER 00000cam a22000004a 4500
001 in00002107708
005 20151102183334.0
008 050922s2005 th ab b 101 0 thaoc
020 |a 9749295420 
035 |a (OCoLC)ocm62233606 
040 |a COO  |c COO  |d TXA  |d UtOrBLW 
042 |a pcc 
049 |a TXAM 
050 4 |a HN700.55.Z9  |b C6347 2005 
245 0 0 |a Phūmpanyā kap kānsāng phalang chumchon. 
250 |a Phim khrang thī 1. 
264 1 |a Krung Thēp :  |b Sūn Mānutsayawitthaya Sirinthō̜n,  |c 2548 [2005] 
300 |a 9, 267 pages :  |b illustrations, maps ;  |c 21 cm. 
336 |a text  |b txt  |2 rdacontent 
337 |a unmediated  |b n  |2 rdamedia 
338 |a volume  |b nc  |2 rdacarrier 
490 1 |a ʻĒkkasān wichākān / Sūn Manutsayawitthayā Sirinthō̜n ;  |v lamdap thī 44 
500 |a "Nangsư̄ rūam botkhwām čhāk kānprachum pračham pī thāng mānutsayawitthayā khrang thī 3 rư̄ang thopthūan phūmpanyā thāthāi khwāmrū." 
504 |a Includes bibliographical references. 
650 0 |a Community development  |z Thailand  |x Management  |v Congresses. 
650 0 |a Natural resources  |z Thailand  |x Management  |v Congresses. 
710 2 |a Sūn Manutsayawitthayā Sirinthō̜n (Thailand) 
711 2 |a Kānprachum Pračham Pī thāng Mānutsayawitthayā  |n (3rd :  |d 2004 :  |c Thailand) 
830 0 |a ʻĒkkasān wichākān (Sūn Manutsayawitthayā Sirinthō̜n (Thailand)) ;  |v lamdap thī 44. 
910 |a ccs1659 
945 |a TechPro 
947 |a A14830144564 
994 |a 02  |b TXA 
999 |a MARS 
999 f f |s 42e87379-e98a-3269-8596-e4d3ace23408  |i 8b63bcc5-635b-3f26-bfdc-701b2910885b  |t 0 
952 f f |p ric  |a Texas A&M University  |b Rellis Campus  |c Joint Library Facility  |d Remote Storage  |t 0  |e HN700.55.Z9 C6347 2005  |h Library of Congress classification  |i unmediated -- volume  |m A14830144564 
998 f f |a HN700.55.Z9 C6347 2005  |t 0  |l Remote Storage